000 00817nam a22002297a 4500
005 20180611161233.0
010 _aB-688656-670
020 _a9788123779744
_c150.00
035 _aEN-102452
035 _aB-688656-670
037 _bBookwell
_adpl
037 _bDBAD/PUB
082 _a385.22
100 _aRousan,R.K.
245 _aBullet trains /
_cby R.K. Rousan
260 _aNew Delhi
_bNational Book trust
_c2016
270 _aNehru Bhawan, 5 Institutional Area,Phase-II,Vasnt Kunj
_bNew Delhi
_e110070
300 _aix,136p.
_c22cm.(pbk)
500 _aIncludes bibliographical references
942 _2ddc
_cEN
_h385.22
_mROU
999 _c142641
_d142641